Number concepts and operations in the middle grades
Saved in:
| Other Authors: | , |
|---|---|
| Format: | Book |
| Language: | English |
| Published: |
Virginia :
Lawrence Erlbaum, National Council of Teachers of Mathematics,
1988
|
| Series: | Research agenda for mathematics education
|
| Subjects: | |
| Tags: |
Add Tag
No Tags, Be the first to tag this record!
|
MARC
| LEADER | 00000nam a2200000 i 4500 | ||
|---|---|---|---|
| 001 | 1/74388 | ||
| 008 | 970903s1988 eng d | ||
| 020 | |a 0-8058-0353-X | ||
| 035 | |a 1991 |b 2 |c Καλαβάσης |l 10031790 | ||
| 040 | |a GR-MY-UA |b gre |e aacr | ||
| 041 | 0 | |a eng | |
| 082 | 0 | |a 510.712 | |
| 245 | 1 | 0 | |a Number concepts and operations in the middle grades / |c editors James Hiebert, Merlyn Behr |
| 260 | |a Virginia : |b Lawrence Erlbaum, |b National Council of Teachers of Mathematics, |c 1988 | ||
| 300 | |a vol.2 [270 p.] | ||
| 490 | 1 | |a Research agenda for mathematics education | |
| 650 | 0 | 0 | |a Mathematics |x Study and teaching (Secondary) |x Congresses. |
| 700 | 1 | |a Hiebert, James. |4 edt | |
| 700 | 1 | |a Behr, Merlyn J. |4 edt | |
| 830 | 0 | |a Research agenda for mathematics education | |
| 852 | |a INST |b RHODES |e 19970903 |h 510.712 NUM |p 005400007903 |q 005400007903 |t BK |y 0 | ||
| 909 | |a Ρ |b 020790 |c 1991 | ||